000 00544nam a2200181 i 4500
001 140904
003 ES-MaACL
005 20230906200158.0
007 t|
008 070918s1967 sp ||||1| spa d
100 1 _aWentinck, Charles.
_9116489
245 1 0 _aHistoria de la pintura europea /
_cCharles Wentinck ; [traducción Domingo Pruna].
250 _a[1ª ed.].
260 _aBarcelona :
_bPlaza & Janés,
_c[1967]
300 _a200 p., 8 lám. ;
_c18 cm.
700 1 _aPruna, Domingo.
_994081
852 _aES-MaACL
_jC-33875
_bR.64317
999 _c140904
_d140904